Kareem Abdul-Jabbar Filmography - Statistics

General Stats
  • This quiz has been taken 7 times
  • The average score is 1 of 128
Answer Stats
Type Year Name % Correct
Film 1980 Airplane!
60%
TV Show 1995 Full House
20%
Commercial 1999 TD Waterhouse
20%
Film 1974 The Game of Death
20%
TV Show 1990 21 Jump Street
0%
Documentary Series 2010, 2017, 2023 30 for 30
0%
Documentary Series 1995 60 Minutes
0%
TV Show 1984 ABC Afterschool Specials
0%
Documentary Series 2016 A Football Life
0%
TV Special 1989 All-Star Tribute to Kareem Abdul-Jabbar
0%
TV Show 1991 Amen
0%
Commercial 2013 AT&T
0%
Commercial 1976 Atari
0%
Film 1998 BASEketball
0%
Documentary 2020 Basketball County: In the Water
0%
TV Show 2018 Beat Shazam
0%
Documentary Series 1975 Bicentennial Minutes
0%
TV Show 2023 Billions
0%
Documentary Series 2023 Bill Russell: Legend
0%
Documentary Series 1994 Biography
0%
TV Documentary 2020 Black Patriots
0%
TV Documentary 2022 Black Patriots: Heroes of the Civil War
0%
TV Show 1997 Boston Common
0%
Commercial 1999 Bravo
0%
Commercial 2023 Bristol-Myers Squibb
0%
TV Show 1996 Buddies
0%
TV Show 1987 Bustin' Loose
0%
TV Show 1990 CBS Schoolbreak Special
0%
TV Show 2017 Celebrity Family Feud
0%
Commercial 1997 Coors Light
0%
TV Show 1976 Cos
0%
Film 1994 D2: The Mighty Ducks
0%
TV Show 2018 Dancing with the Stars
0%
TV Show 2021 Dave
0%
Documentary Series 2022 Dear...
0%
TV Show 1982, 1985 Diff'rent Strokes
0%
TV Show 1975, 1977 Dinah!
0%
Commercial 1996 Edge Gel
0%
TV Show 1974 Emergency!
0%
TV Show 1996 Everybody Loves Raymond
0%
TV Documentary 2021 Fight the Power: The Protests That Changed America
0%
Film 1985 Fletch
0%
Commercial 2014 FlexSure
0%
Film 1995 Forget Paris
0%
TV Show 2018 Fresh Off the Boat
0%
TV Show 1982 Fridays
0%
TV Show 1980 Games People Play
0%
Film 2022 Glass Onion
0%
Music Video 2017 Good Goodbye
0%
TV Show 1991 Good Sports
0%
TV Show 2012 Guys with Kids
0%
TV Show 2004 Hollywood Squares
0%
Documentary Series 2012 Iconoclasts
0%
TV Show 1994 In Living Color
0%
TV Show 2019 iZombie
0%
TV Film 1989 Jake Spanner, Private Eye
0%
TV Show 1998, 2009, 2010, 2012, 2020, 2021 Jeopardy!
0%
TV Mini-Series 2020 Jeopardy! Greatest of All Time
0%
Short Film 2020 John Bronco
0%
Documentary 2015 Kareem: Minority of One
0%
TV Show 1977, 1978 Laugh-In
0%
Commercial 1992 Lay's
0%
Documentary Mini-Series 2022 Legacy: The True Story of the LA Lakers
0%
TV Show 1997 Living Single
0%
TV Show 1977 Man from Atlantis
0%
TV Show 1971 Mannix
0%
TV Show 1996 Martin
0%
TV Show 1993 Matrix
0%
Documentary Mini-Series 2021 Muhammad Ali
0%
Commercial 2020 National Urban League
0%
Commercial 1983 Nestle's Crunch
0%
TV Show 2012 New Girl
0%
TV Special 1991 New Kids on the Block at Disney-MGM Studios: Wildest Dreams
0%
TV Show 2023 Night Court
0%
Documentary 2010 On the Shoulders of Giants: The Story of the Greatest Team You Never Heard Of
0%
TV Show 2019 Pawn Stars
0%
TV Show 1994 Phenom
0%
Commercial 2011 Priceline.com
0%
TV Special 1983 Professor Hope's Thanksgiving Campus Comedy Capers
0%
TV Show 1984 Pryor's Place
0%
TV Film 1996 Rebound: The Legend of Earl 'The Goat' Manigault
0%
TV Show 1998 Saved by the Bell: The New Class
0%
TV Show 2006 Scrubs
0%
Podcast 2022 Skyhook with Kareem Abdul-Jabbar
0%
Film 1995 Slam Dunk Ernest
0%
TV Show 2013 Splash
0%
TV Show 1987 Stingray
0%
Music Video 1986 Stop the Madness
0%
Educational Video 1995 StrangerSmart
0%
TV Show 1985 Tales from the Darkside
0%
TV Show 2007 The Apprentice
0%
TV Show 2017 The Bachelorette
0%
TV Show 2019 The Big Bang Theory
0%
TV Show 1967 The Bob Hope Show
0%
TV Show 2000 The Brian Benben Show
0%
TV Show 2017 The Comedy Get Down
0%
TV Show 2014 The Crazy Ones
0%
TV Show 1994 The Critic
0%
TV Show 1967 The Dating Game
0%
TV Show 2004-2005 The Drop
0%
Film 1979 The Fish That Saved Pittsburgh
0%
TV Show 1994 The Fresh Prince of Bel-Air
0%
TV Show 2009 The Girls Next Door
0%
TV Show 1998 The Gregory Hines Show
0%
Documentary Series 2023 The Luckiest Guy in the World
0%
TV Show 1986 The Magical World of Disney
0%
TV Show 1970 The Merv Griffin Show
0%
TV Show 1986 The New Hollywood Squares
0%
TV Show 1969 The Rosey Grier Show
0%
TV Show 2011 The Simpsons
0%
TV Mini-Series 1994 The Stand
0%
TV Show 1969, 1977, 1980, 1986, 1990 The Tonight Show Starring Johnny Carson
0%
Film 1979 The Visitor
0%
TV Show 2000 The War Next Door
0%
Documentary Series 1977 The Way It Was
0%
Documentary Series 2022 They Call Me Magic
0%
Commercial 2002 Tostitos Scoops!
0%
TV Show 2019 To Tell the Truth
0%
Commercial 1982 Trans World Airlines
0%
Film 1989 Troop Beverly Hills
0%
Commercial 2004 Twix
0%
TV Show 1991 Uncle Buck
0%
TV Show 1999 Wheel of Fortune
0%
Music Video 2001 When It's Over
0%
Film 2006 Whitepaddy
0%
Commercial 2000 Wickes Furniture
0%
TV Show 1994 WWE Raw
0%
Music Video 2008 Yes We Can
0%
No matching quizzes found
Score Distribution
Percent of People with Each Score
Percentile by Number Answered
Your Score History
You have not taken this quiz